| 000 | 00489nam a2200181 4500 | ||
|---|---|---|---|
| 003 | SEACOMEC | ||
| 005 | 20240720134255.0 | ||
| 008 | 240720b |||||||| |||| 00| 0 eng d | ||
| 020 |
_a 978-93-325-8118-0 _cRs.495.00 |
||
| 040 | _aSEACOMEC | ||
| 082 |
_a658.0015195 _bL665 |
||
| 100 | _a Levin, Richard I | ||
| 245 | 1 |
_aStatistics for management _c Richard I Levin ....(Et Al.) |
|
| 250 | _a7th ed. | ||
| 260 |
_aNew Delhi _bPrentice hall _c 2007 |
||
| 650 | _aStatistics | ||
| 942 | _cBOOK | ||
| 999 |
_c1446 _d1446 |
||